00788 2200265 4500001002100000005001500021035002000036007000300056008004100059100002100100245009900121250000900220300005700229020002200286082001100308084001700319090002200336260003000358600001200388700002600400990002400426990002400450990002400474990002400498INLIS00000000000203420260603115457 a0010-0120000477ta260603 0 0 aYoyo Sudaryo,dkk1 aMetode Penelitian Survei Online dengan Google Forms /cYoyo Sudaryo,dkk; Editor: Erang Risanto aEd.1 a127 hlm. :bilus. ;c23 cmebibliografi, hlm 129-133 a978-623-01-0062-8 a001.42 a001.42 YOY m a001.42 YOY m L1-2 aYogyakarta :bAndi,c2019 4aProgram aEditor: Erang Risanto a34.352/DAK/DPK/2019 a34.349/DAK/DPK/2019 a34.350/DAK/DPK/2019 a34.351/DAK/DPK/2019